2016 World T20 Cricket Championship - The Teams - Statistics

General Stats
  • This quiz has been taken 111 times
  • The average score is 10 of 10
Answer Stats
country % Correct
Australia
100%
India
100%
England
99%
Pakistan
99%
New Zealand
98%
Bangladesh
95%
West Indies
95%
Sri Lanka
94%
South Africa
92%
Afghanistan
85%
No matching quizzes found
Score Distribution
Percent of People with Each Score
Percentile by Number Answered
Your Score History
You have not taken this quiz